Význam digitalizácie a zavedenia samoobslužných pokladní v praxi

Trendy a digitalizácia prináša v rámci maloobchodných jednotiek mnoho inovácií. Za účelom prispôsobenia trendom musia maloobchodné prevádzky sledovať konkurenciu a prinášať inovácie do obchodovania. Rozvoj technológií a digitálna doba prináša so sebou mnoho výhod. V roku 2010 práve maloobchodný reťa...

Descripción completa

Guardado en:
Detalles Bibliográficos
Autor principal: Kopčáková, Janka, 1994-
Otros Autores: Gajdoš, Jozef, 1962-2025
Formato: Capítulo de libro
Lenguaje:eslovaco
Materias:
Etiquetas: Agregar Etiqueta
Sin Etiquetas, Sea el primero en etiquetar este registro!

MARC

LEADER 00000naa$a2200000$$$4500
001 0305872
005 20250108121443.0
041 0 |a slo 
044 |a SK 
245 1 0 |a Význam digitalizácie a zavedenia samoobslužných pokladní v praxi  |c Janka Kopčáková, Jozef Gajdoš 
520 |a Trendy a digitalizácia prináša v rámci maloobchodných jednotiek mnoho inovácií. Za účelom prispôsobenia trendom musia maloobchodné prevádzky sledovať konkurenciu a prinášať inovácie do obchodovania. Rozvoj technológií a digitálna doba prináša so sebou mnoho výhod. V roku 2010 práve maloobchodný reťazec Tesco stál za inováciou v rámci slovenského trhu, a to prostredníctvom zavedenia samoobslužných pokladní. Tento trend sa stal v súčasnosti neodmysliteľnou súčasťou väčšiny väčších maloobchodných reťazcov. Kým na začiatku expanzie samoobslužných pokladní na slovenský trh boli zavádzané najmä do potravinových reťazcov, v súčasnosti sú zavádzané aj do maloobchodných jednotiek vystupujúcich v iných odvetviach. Samotné samoobslužné pokladne môžu v súčasnosti postupne predstavovať zastaralejší trend, avšak ďalším rozvojom prichádzajú do povedomia spotrebiteľov rôzne nástroje, pri ktorých je využívanie samoobslužnej pokladne neodmysliteľnou súčasťou. Cieľom príspevku je priblížiť samoobslužné pokladne, ale aj súčasné trendy, ktoré vznikajú za účelom skvalitnenia funkcií samotných pokladní. 
610 2 0 |a maloobchod 
610 2 0 |a potraviny 
610 2 0 |a digitalizácia 
100 1 |a Kopčáková, Janka, 1994- 
700 1 |a Gajdoš, Jozef, 1962-2025